| Tag |
First Indicator |
Second Indicator |
Subfields |
| LEADER |
00000cam a2200000 4500 |
| 001 |
in00000262621 |
| 005 |
20151010054056.0 |
| 008 |
720424r19691932nyu 00000 eng d |
| 035 |
|
|
|a (OCoLC)00291140
|
| 035 |
|
|
|9 ABC6686AM
|
| 040 |
|
|
|c OBE
|d TXA
|d UtOrBLW
|
| 049 |
|
|
|a TXAM
|c [856081]
|
| 090 |
|
|
|a F396
|b .N58 1969a
|
| 245 |
0 |
0 |
|a New Spain and the Anglo-American west ;
|b historical contributions presented to Herbert Eugene Bolton.
|
| 264 |
|
1 |
|a New York :
|b Kraus,
|c 1969.
|
| 300 |
|
|
|a 2 volumes in 1.
|
| 336 |
|
|
|a text
|b txt
|2 rdacontent
|
| 337 |
|
|
|a unmediated
|b n
|2 rdamedia
|
| 338 |
|
|
|a volume
|b nc
|2 rdacarrier
|
| 500 |
|
|
|a Reprint of the 1932 edition.
|
| 600 |
1 |
0 |
|a Bolton, Herbert Eugene,
|d 1870-1953.
|
| 650 |
|
0 |
|a Frontier and pioneer life
|z West (U.S.)
|
| 651 |
|
0 |
|a Southwest, Old
|x History
|x Sources.
|
| 651 |
|
0 |
|a Southwest, New
|x History
|x Sources.
|
| 651 |
|
0 |
|a Mexico
|x History
|y Spanish colony, 1540-1810
|v Sources.
|
| 651 |
|
0 |
|a Spain
|x Colonies
|z North America.
|
| 651 |
|
0 |
|a West (U.S.)
|x History
|v Sources.
|
| 651 |
|
0 |
|a United States
|x Territorial expansion.
|
| 700 |
1 |
|
|a Hackett, Charles W.
|q (Charles Wilson),
|d 1888-1951.
|
| 700 |
1 |
|
|a Hammond, George P.
|q (George Peter),
|d 1896-1993.
|
| 700 |
1 |
|
|a Meehan, John Lloyd,
|d 1893-
|
| 700 |
1 |
|
|a Binkley, William C.
|q (William Campbell),
|d 1889-1970.
|
| 700 |
1 |
|
|a Goodwin, Cardinal,
|d 1880-1944.
|
| 700 |
1 |
|
|a Rippy, J. Fred
|q (James Fred),
|d 1892-1977.
|
| 700 |
1 |
|
|a Ross, Mary.
|
| 999 |
|
|
|a MARS
|
| 999 |
f |
f |
|s 61da01ed-b8b7-32af-83c7-e161a4b488fb
|i ddddc003-d259-3b22-a5e7-36cc0bb2d577
|t 0
|
| 952 |
f |
f |
|p ric
|a Texas A&M University
|b Rellis Campus
|c Joint Library Facility
|d Remote Storage
|t 0
|e F396 .N58 1969a
|h Library of Congress classification
|i unmediated -- volume
|m A14802299628
|
| 998 |
f |
f |
|a F396 .N58 1969a
|t 0
|l Remote Storage
|